Historia y Geografía 4: Geografía de Bolivia y del mundo. Historia de Bolivia. Historia de Latinoamérica. Historia Universal. Educación ciudadana
I tiakina i:
| Kaituhi matua: | |
|---|---|
| Hōputu: | Pukapuka |
| Reo: | Pāniora |
| I whakaputaina: |
La Paz
Santillana de Ediciones
2008
|
| Ngā marau: | |
| Ngā Tūtohu: |
Tāpirihia he Tūtohu
Kāore He Tūtohu, Me noho koe te mea tuatahi ki te tūtohu i tēnei pūkete!
|
MARC
| LEADER | 00000nam a2200000 a 4500 | ||
|---|---|---|---|
| 001 | UCG5353 | ||
| 003 | CL-VaPUC | ||
| 008 | 110303e20080000BO |||||||||||||||||spa|d | ||
| 020 | |a 9990523797 | ||
| 082 | 0 | 4 | |a 900.712 |b LOU |2 21 |
| 100 | |a Loureiro, Carolina |e autora |9 554997 | ||
| 245 | 1 | 0 | |a Historia y Geografía 4: Geografía de Bolivia y del mundo. Historia de Bolivia. Historia de Latinoamérica. Historia Universal. Educación ciudadana |
| 300 | |a 200 p | ||
| 942 | |c BK | ||
| 945 | |d 20110303 00:00:00 |a dcastane | ||
| 260 | |a La Paz |b Santillana de Ediciones |c 2008 | ||
| 500 | |a Incluye mapas | ||
| 650 | 0 | |a Historia y geografía |9 442612 | |
| 650 | 0 | |a Enseñanza de la historia |9 307330 | |
| 650 | 0 | |a Enseñanza de la geografía |9 310005 | |
| 650 | 0 | |a Libros de texto |9 270019 | |
| 651 | 0 | |a Bolivia |9 255454 | |
| 583 | |a last modification |c 20110303 00:00:00 |k Rodrigo Vera | ||
| 999 | |c 343881 |d 343879 | ||
| 952 | |0 0 |1 0 |4 0 |6 900_712000000000000_LOU_2008 |7 0 |8 A |9 441570 |a BIBHIS |b BIBHIS |d 2019-11-22 |i 4746945 |o 900.712 LOU 2008 |p 4746945 |r 2025-01-20 |w 2019-11-22 |y BK |k HIS | ||